Danze celebri degli Strauss di Vienna. (Record no. 10910)

MARC details
000 -LEADER
campo de control de longitud fija 00941ncm a2200253 a 4500
001 - NÚMERO DE CONTROL
campo de control C00011116c
005 - FECHA Y HORA DE LA ÚLTIMA TRANSACCIÓN
campo de control 20241029143109.0
008 - DATOS DE LONGITUD FIJA--INFORMACIÓN GENERAL
campo de control de longitud fija 950725s19-- it wzc n 1 ita d
080 ## - NÚMERO DE LA CLASIFICACIÓN DECIMAL UNIVERSAL
Número de la Clasificación Decimal Universal 786.2.085.2
100 1# - ENTRADA PRINCIPAL--NOMBRE DE PERSONA
Nombre de persona Strauss, Johann (
Fechas asociadas al nombre 1825-1899)
9 (RLIN) 10889
245 10 - MENCIÓN DEL TÍTULO
Título Danze celebri degli Strauss di Vienna.
254 ## - MENCIÓN DE PRESENTACIÓN MUSICAL
Mención de presentación musical [Riduzione per Pianoforte].
260 ## - PUBLICACIÓN, DISTRIBUCIÓN, ETC.
Lugar de publicación, distribución, etc. Milano [etc] :
Nombre del editor, distribuidor, etc. G. Ricordi & C.,
Fecha de publicación, distribución, etc. [19--]
300 ## - DESCRIPCIÓN FÍSICA
Extensión Partitura (2 v.) ;
Dimensiones 28 cm.
490 0# - MENCIÓN DE SERIE
Mención de serie Edizioni Economiche Ricordi
500 ## - NOTA GENERAL
Nota general N. pl.: S 45339 y n 96631 n.
500 ## - NOTA GENERAL
Nota general Contiene: Vol. 2, Siete obras de Johann Strauss (hijo) y dos de Josef + Vol. 5, Ocho obras de Johann Strauss (hijo) y dos del padre.La obra completa consta de ocho volúmenes.
650 ## - PUNTO DE ACCESO ADICIONAL DE MATERIA--TÉRMINO DE MATERIA
Término de materia o nombre geográfico como elemento de entrada Valses (Piano)
9 (RLIN) 11487
700 1# - ENTRADA AGREGADA--NOMBRE PERSONAL
Nombre de persona Strauss, Johann (
Fechas asociadas al nombre 1804-1849)
9 (RLIN) 8175
700 1# - ENTRADA AGREGADA--NOMBRE PERSONAL
Nombre de persona Strauss, Joseph (
Fechas asociadas al nombre 1827-1870)
9 (RLIN) 7513
852 ## - LOCALIZACIÓN
Número de control de estantería M-2041, M-2042
Holdings
Estatus retirado Estado de pérdida Estado de daño No para préstamo Colección Biblioteca de origen Biblioteca actual Ubicación en estantería Fecha de adquisición Fuente de adquisición Total de préstamos Signatura topográfica completa Código de barras Visto por última vez Precio de reemplazo Tipo de ítem Koha
        Música Real Academia de la Bellas Artes de San Fernando Real Academia de la Bellas Artes de San Fernando Depósito 1 25/07/1995 O   M-2041-2042 1012088 15/10/2024 15/10/2024 Partitura moderna

Powered by Koha